Capitales de países, territorio y países no reconocidos. - Estadísticas

Estadísticas generales
  • Esta prueba ha sido intentada 1.239 veces
  • La puntuación promedio es 152 de 254
Estadísticas de respuestas
Hint Respuesta % Correcto
Andorra Andorra la Vieja
86%
Alemania Berlín
86%
Afganistán Kabul
84%
Albania Tirana
84%
Argentina Buenos Aires
83%
Argelia Argel
82%
Australia Canberra
80%
Angola Luanda
80%
Arabia Saudita Riad
80%
Bangladés Daca
79%
Austria Viena
79%
Bélgica Bruselas
78%
Armenia Erevan
78%
Bielorrusia Minsk
78%
Belice Belmopan
77%
Bahamas Nasáu
77%
Azerbaiyán Bakú
76%
Brasil Brasilia
75%
Bolivia Sucre/ La Paz
75%
Barbados Bridgetown
74%
Antigua y Barbuda Saint John
74%
Bulgaria Sofia
74%
Baréin Manama
73%
Chipre Nicosia
73%
Chile Santiago
73%
Bosnia y Herzegovina Sarajevo
73%
Dinamarca Copenhague
72%
España Madrid
72%
Canadá Ottawa
72%
China Pekin
72%
Corea del Norte Pionyang
72%
Ecuador Quito
72%
Costa Rica San Jose
72%
Corea del Sur Seul
72%
Emiratos Árabes Unidos Abu Dabi
71%
Colombia Bogota
71%
Hungría Budapest
71%
Catar Doha
71%
Irlanda Dublín
71%
Francia Paris
71%
Benín Porto Novo
71%
Ciudad del Vaticano Vaticano
71%
Grecia Atenas
70%
Anguila El Valle
70%
Finlandia Helsinki
70%
India Nueva Delhi
70%
Cabo Verde Praia
70%
El Salvador San Salvador
70%
Estonia Tallin
70%
Burkina Faso Uagadugu
70%
Lituania Vilna
70%
Estados Unidos Washington
70%
Croacia Zagreb
70%
Brunéi Bandar Seri Begawan
69%
Egipto Cairo
69%
Isla Norfolk | Jamaica Kingston
69%
San Vicente y las Granadinas Kingstown
69%
Kuwait Kuwait
69%
Luxemburgo Luxemburgo
69%
Islandia Reikiavik
69%
Letonia Riga
69%
Italia Roma
69%
Irán Teherán
69%
Georgia Tiflis
69%
Liechtenstein Vaduz
69%
Guyana Georgetown
68%
Islas Caimán George Town
68%
Cuba Habana
68%
Eslovenia Liubliana
68%
Filipinas Manila
68%
Mónaco Mónaco
68%
Haití Puerto Príncipe
68%
Marruecos Rabat
68%
Japón Tokio
68%
Indonesia Yakarta
68%
Ghana Acra
67%
Etiopía Adis Abeba
67%
Madagascar Antananarivo
67%
Irak Bagdad
67%
Líbano Beirut
67%
Guatemala Guatemala
67%
Noruega Oslo
67%
Kosovo Pristina
67%
Dominica Roseau
67%
Honduras Tegucigalpa
67%
Bután Timbu
67%
Libia Tripoli
67%
Guinea-Bisáu Bisau
66%
Rumanía Bucarest
66%
Botsuana Gaborone
66%
Portugal Lisboa
66%
Reino Unido Londres
66%
Camerún Yaunde
66%
Jordania Aman
65%
Países Bajos Amsterdam
65%
Paraguay Asuncion
65%
Burundi Gitega
65%
Malasia Kuala Lumpur
65%
Perú Lima
65%
Maldivas Male
65%
Nicaragua Managua
65%
Liberia Monrovia
65%
Rusia Moscu
65%
Kenia Nairobi
65%
Kazajistán Nur Sultan
65%
Panamá Panama
65%
Fiyi Suva
65%
Mongolia Ulan Bator
65%
Costa de Marfil Yamusukro
65%
Eritrea Asmara
64%
Moldavia Chisinau
64%
Gabón Libreville
64%
Omán Mascate
64%
Comoras Moroni
64%
Montenegro Podgorica
64%
República Checa Praga
64%
San Marino San Marino
64%
República Dominicana Santo Domingo
64%
Polonia Varsovia
64%
Laos Vientian
64%
Nueva Zelanda Wellington
64%
Chad Yamena
64%
Guadalupe Basse-Terre
63%
San Cristóbal y Nieves Basseterre
63%
Serbia Belgrado
63%
Suiza Berna
63%
Senegal Dakar
63%
Suecia Estocolmo
63%
Gibraltar Gibraltar
63%
Pakistán Islamabad
63%
Nepal Katmandu
63%
Guinea ecuatorial Malabo
63%
Mozambique Maputo
63%
Turquía Ankara
62%
República del Congo Brazzaville
62%
Guinea Conakri
62%
Siria Damasco
62%
Sierra Leona Freetown
62%
Hong Kong Hong Kong
62%
República Democrática del Congo Kinsasa
62%
Uruguay Montevideo
62%
Trinidad y Tobago Puerto España
62%
Granada Saint George
62%
Singapur Singapur
62%
Kiribati Tarawa
62%
Gambia Banjul
61%
Kirguistán Biskek
61%
Ucrania Kiev
61%
Lesoto Maseru
61%
Papúa Nueva Guinea Port Moresby
61%
Malta Valeta
61%
Seychelles Victoria
61%
Níger Niamey
60%
Santo Tomé y Príncipe Santo Tome
60%
Túnez Tunez
60%
Samoa Apia
59%
Malí Bamako
59%
Tailandia Bangkok
59%
Venezuela Caracas
59%
Timor Oriental Dili
59%
Malaui Lilongue
59%
Macao Macao
59%
Groenlandia Nuuk
59%
Mauricio Port Louis
59%
Sudáfrica Pretoria
59%
Puerto Rico San Juan
59%
Taiwán Taipei
59%
Namibia Windhoek
59%
Nauru Yaren
59%
Islas Salomón Honiara
58%
Sudán Jartum
58%
Somalia Mogadiscio
58%
Mauritania Nuakchot
58%
Yemen Sana
58%
Sudán del Sur Yuba
58%
Turkmenistán Asjabad
57%
Santa Lucía Castries
57%
Tayikistán Dusambe
57%
Bermudas Hamilton
57%
Vietnam Hanoi
57%
Togo Lome
57%
Islas Marshall Majuro
57%
Aruba | San Eustaquio Oranjestad
57%
Micronesia Palikir
57%
Surinam Paramaribo
57%
Zimbabue Harare
56%
Ruanda Kigali
56%
Zambia Lusaka
56%
Uzbekistán Taskent
56%
Yibuti Yibuti
56%
República Centroafricana Bangui
55%
Tanzania Dodoma
55%
Tuvalu Funafuti
55%
Suazilandia Mbabane
55%
Vanuatu Port Vila
55%
Uganda Kampala
54%
Sri Lanka Sri Jayawardenapura Kotte
54%
Guayana Francesa Cayena
53%
Palaos Ngerulmud
53%
Tonga Nukualofa
53%
Macedonia del Norte Skopje
53%
Abjasia Sujumi
53%
Israel Tel Aviv
51%
Nigeria Abuja
49%
Chipre del Norte Nicosia del Norte
49%
Isla de Man Douglas
48%
México Mexico DF
47%
Curazao Willemstad
46%
San Pedro y Miquelón San Pedro
45%
Guam Agaña
44%
Sáhara Occidental El Aaiun
43%
Martinica Fort de France
43%
Palestina Ramala
43%
Islas Malvinas Stanley
43%
Åland Mariehamn
42%
Birmania Naypyido
42%
Polinesia Francesa Papeete
42%
Niue Alofi
41%
Samoa Americana Pago Pago
41%
Trasnistria Tiraspol
41%
Bonaire Kralendijk
40%
Guernsey Saint Peter Port
40%
Camboya Phnom Penh
39%
Nueva Caledonia Numea
38%
Islas Vírgenes Británicas Road Town
38%
Jersey Saint Helier
38%
Islas Feroe Torshavn
38%
Islas Marianas del Norte Saipán
37%
Acrotiri y Dhekelia Episkopi
36%
Santa Elena, Ascensión y Tristán de Acuña Jamestown
36%
Reunión Saint Denis
36%
Islas Cook Avarua
35%
Islas Turcas y Caicos Cockburn Town
34%
Isla de Saba The Bottom
34%
Islas Vírgenes de los Estados Unidos Carlota Amalia
33%
San Bartolomé Gustavia
33%
Montserrat Plymouth
33%
Islas Cocos West Island
33%
Isla de Navidad Flying Fish Cove
32%
Wallis y Futuna Mata Utu
31%
Eslovaquia Bratislva
30%
Mayotte Mamoudzou
28%
Tokelau Nukunonu
28%
Sint Maarten Philipsburg
28%
San Martín Marigot
26%
Osetia del Sur Tsjinvali
26%
Svalbard Longyearbyen
23%
Nagorno Karabaj Stepanakert
23%
Somalilandia Hargueisa
22%
Islas Georgias del Sur y Sándwich del Sur Base King Edward Point
18%
Tierras Australes y Antárticas Francesas Port aux Français
17%
Territorio Británico del Océano Índico Camp Thunder Cove
12%
No se encontraron pruebas coincidentes
Distribución de puntuación
Porcentaje de gente con cada puntuación
Porcentaje por número respondido
Historial de tus puntuaciones
No has intentado esta prueba.